000
00275nam a2200121Ia 4500
008
220613s9999||||xx |||||||||||||| ||und||
100
_a
Kuvalyananda Swami
245
0
_a
Yogasan (Hindi)
250
_a
1st(1965) Reprint(2017)
300
_a
162
650
_a
Yoga
942
_c
GB
999
_c
11141
_d
11141